| 000 | 00534nam a2200205Ia 4500 | ||
|---|---|---|---|
| 003 | OSt | ||
| 005 | 20240919091612.0 | ||
| 008 | 210210b2006 xxu||||| |||| 00| 0 eng d | ||
| 040 | _cAL | ||
| 041 | _aKonkani | ||
| 082 | _a891.467 AGEB | ||
| 100 |
_aAGERA (Sten Mulki) _dಸ್ಟೇನ್ ಅಗೇರಾ _9179453 |
||
| 245 |
_aBindas _bಬಿಂದಾಸ್ |
||
| 260 |
_aManglur _bNot Mentioned _c2006 |
||
| 300 | _a142 | ||
| 650 |
_aBindas _9179454 |
||
| 690 |
_aKonkani Humour _9179455 |
||
| 906 | _a064077 | ||
| 942 |
_2ddc _cBK |
||
| 999 |
_c139340 _d139340 |
||